Tiszatáj 1992/7
Elmentve itt :
| Dokumentumtípus: | Folyóirat |
|---|---|
| Megjelent: |
1992
|
| Sorozat: | Tiszatáj
46 No. 7 |
| Online Access: | http://tiszataj.bibl.u-szeged.hu/381 |
| LEADER | 00437nas a2200145 i 4500 | ||
|---|---|---|---|
| 001 | tisza381 | ||
| 005 | 20200415090911.0 | ||
| 008 | 160906s1992 hu o 0|| hun d | ||
| 022 | |a 0133-1167 | ||
| 040 | |a SZTE Tiszatáj Archívum |b hun | ||
| 041 | |a hun | ||
| 245 | 0 | 0 | |a Tiszatáj 1992/7 |h [elektronikus dokumentum] |
| 260 | |c 1992 | ||
| 490 | 0 | |a Tiszatáj |v 46 No. 7 | |
| 856 | 4 | 0 | |u http://tiszataj.bibl.u-szeged.hu/381/1/tiszataj_1992_007.pdf |z Dokumentum-elérés |